[Event "Novy Bor m"]
[Site "Novy Bor"]
[Date "2014.10.03"]
[Round "4"]
[White "Rapport, Richard"]
[Black "Laznicka, Viktor"]
[Result "1/2-1/2"]
[WhiteElo "2713"]
[BlackElo "2675"]
[Annotator "Sagar Shah"]
[PlyCount "101"]
[EventDate "2014.09.30"]
[EventType "match"]
[EventRounds "6"]
[EventCountry "CZE"]
[SourceTitle "CBM 163"]
[Source "ChessBase"]
[SourceDate "2014.11.11"]
[SourceVersion "1"]
[SourceVersionDate "2014.11.11"]
[SourceQuality "1"]
[WhiteClock "0:05:15"]
[BlackClock "0:08:47"]

1. e4 c6 {Laznicka sticks to his favourite Caro Kann Defense. Rapport has not
been the most comfortable when facing it.} 2. c4 {The pseudo Panov Botvinnik.}
d5 3. cxd5 cxd5 4. exd5 Nf6 5. Nc3 Nxd5 6. Nf3 Nc6 (6... Nxc3 7. bxc3 g6 {
Playing in Grunfeld spirit is also interesting.}) 7. Bb5 $5 {This move is very
interesting. Usually the bishop goes to either c4 or d3 in such lines but here
it goes to b5 pinning the knight and creating threats like Qa4 and Ne5 in
order to increase the pressure. Hence it will be better if Black forgets his
ambitions of developing his bishop outside the pawn chain and plays the solid
e6.} e6 8. O-O Be7 9. Re1 (9. d4 O-O 10. Re1 {is just a transposition.}) 9...
O-O 10. d4 Bd7 11. Bc4 $5 {It is possible that Rapport is following the idea
of a fellow Hungarian player, Oliver Mihok. This puts pressure on d5 and
forces Black to make a decision.} (11. Bd3 {was tried by Carlsen against Jan
Smeets.} Rc8 12. Nxd5 exd5 13. Ne5 {And here Carlsen recommends} Nxe5 14. Rxe5
Bd6 $1 15. Rxd5 Bc6 $44 {With excellent play for Black.}) (11. Nxd5 {was
played by Ivanchuk against Topalov, But the game soon petered out into a draw.}
exd5 12. Bf4 Bf6 13. Ne5 Nxe5 14. dxe5 Bxb5 15. exf6 Qxf6 16. Qxd5 $11) 11...
Bf6 $5 {This move shows that Laznicka has an excellent feel for such positions.
He gives up a pawn but in return gets extremely active play.} 12. Nxd5 (12.
Bxd5 exd5 13. Nxd5 Bg4 14. Nxf6+ Qxf6 15. d5 Ne5 {Also retains a lot of
pressure on White's position.}) 12... exd5 13. Bxd5 Bg4 14. Bxc6 bxc6 15. Be3
$1 {Rapport hangs on to his d4 pawn here and shows a lot of fighting spirit.
Black's compensation does exist because of the bishop pair. But a pawn is a
pawn.} (15. Bf4 Bxf3 16. Qxf3 Qxd4 $11 {should be close to equal.}) 15... Rb8
16. b3 c5 17. Bf4 $1 {The most accurate.} (17. dxc5 Bxa1 18. Qxd8 Rfxd8 19.
Rxa1 Bxf3 20. gxf3 {White risks nothing here but I think Black's defensive
task is also not so difficult as the pawns can be blocked.}) 17... Rb4 18. Be5
{Rapport is playing very high quality chess and putting a lot of pressure on
Laznicka to prove his compensation.} cxd4 19. Qd2 $1 {coming out of the g4-d1
pin with a tempo.} a5 20. Bxf6 Qxf6 21. Ne5 $14 {Though the material is equal,
White has a stable edge because his pieces are much better co-ordinated.} Bf5
22. Nc4 d3 23. Nxa5 $6 {Rapport becomes greedy and allows the rook to be
transferred to the kingside. Combined with the d3 pawn, Black's kingside
attack is very dangerous.} Rg4 $1 24. f3 Rg6 25. Nc4 (25. Kh1 Bh3 $19) 25...
Bh3 {White has to give back the pawn. Material balance is established and
Black retains a dangerous kingside initiative.} 26. g3 Qxf3 27. Re3 (27. Qf2
Qa8 $17 {And it is difficult to play as White here. His king is just too weak.}
) 27... Qb7 28. Rae1 $6 (28. Rxd3 {was a better way to play.} h5 $40) 28... h5
(28... Re6 $1 $17 {A move that Laznicka might have missed. Now the d3 pawn is
untouchable.}) 29. Rxd3 {White is a pawn up now and has these two wonderful
queenside passers. But does it really matter? The Q on b7 is like a sniper
targetting the light squared weaknesses and combined with the infantry i.e the
Bishop on h3, Rook on g6 and pawn on h5, black has a rollicking attack. Even
though the engines assess this position as equal, I would anyday prefer to be
in Black's shoes here.} Rf6 (29... h4 {was also a logical way to continue the
attack.}) 30. a3 {Not seeing anything much to do, Rapport tries to advance his
queenside pawns. But it just shows that the initiative is with black.} Qa7+ 31.
Rde3 (31. Qe3 Re8 $1 $19) 31... Re8 {Bringing the last piece into the attack.}
32. Qe2 Ree6 {The time pressure was approaching by this point. Both players
had around 3 minutes left. In such a scenario it is very easy for White to go
wrong here.} (32... Rxe3 $5 {was strong.} 33. Qxe3 (33. Nxe3 h4 $40) 33... Qb7
$1 34. Qe8+ Kh7 35. Qe2 g6 {threat of Re6 is not so easy to meet.} 36. Ne3 Qxb3
$17) 33. a4 Rf5 $1 {A very strong idea by Laznicka to double the rooks on the
f file.} 34. Qd3 Ref6 {Six more moves to go before both players get 30 minutes
and White has his back to the wall. Only thing left was to finish him off.} 35.
Nd2 g6 $1 {an excellent calm move. The rook on f5 can now move as there will
be no mate on e8.} (35... Rf2 36. Re8# {is definitely something you want to
avoid as Black.}) 36. Kh1 (36. Qe2 Qa5 {White is paralysed. Black can take his
time to deliver the coup de grace.} 37. Rd3 Qc5+ 38. Re3 Kg7 $1 39. Nc4 Qd5 $19
) 36... Rf2 37. Kg1 Rg2+ (37... Qb7 $1 {was quite strong.} 38. Ne4 (38. Re4
Rg2+ 39. Kh1 Rxd2 40. Qxd2 Qxe4+ $19) (38. Qe4 Qxe4 39. Rxe4 Rxd2 $19) 38...
Rg2+ 39. Kh1 Rff2 $1 $19 40. Nxf2 Rxh2+ 41. Kxh2 Qg2#) 38. Kh1 Rff2 $2 (38...
Rgf2 {It was still not to late to repeat the previous position and find the
winning Qb7 idea.}) 39. Nf3 $1 {Rapport is alert and takes his opportunity.}
Bg4 $2 (39... Qb7 $2 40. Re8+ $1 Kh7 (40... Kg7 41. Qc3+ $18) 41. Ng5+ Kh6 42.
Rh8+ Kxg5 43. Qe3+ Kf5 44. Qe5+ Kg4 45. Qd4+ Kf5 46. Re5+ Kf6 47. Rc5+ Ke7 48.
Qd8+ Ke6 49. Re8+ $18) (39... Rc2 {was the right way to play.} 40. Re8+ Kh7 41.
Ng5+ Kg7 {and we see the benefit of Rc2. It controls the all important c3
square. Such ideas are not easy to be found when you have just seconds on your
clock.}) 40. Qc3 $2 (40. Re8+ $1 {It was a forced mate there.} Kh7 (40... Kg7
41. Qc3+ $18) 41. Ng5+ Kh6 42. Rh8+ Kxg5 43. h4+ Kf6 44. Qc3+ Kf5 45. Qe5#)
40... Be6 $1 {Last move before the time control and Laznicka doesn't mess it
up. He finds the only move to defend his position.} 41. Rxe6 $1 {Even though
they got 30 minutes extra on their clock, Rappport thought for hardly 5
minutes to make his next move. That's confidence.} fxe6 42. Rxe6 {Once again
this is the best practical chance in the position.} (42. Qc8+ Kg7 43. Rd1 {
When seeing the game live, I felt that this move ought to be winning. The rook
threatens to penetrate to d7 and the knight on f3 is doing the most perfect
job of defending the White king. But Black has an amazing defensive resource.}
Kh6 $3 {mind blowing! Luring the White rook ahead so that Black can deliver
the perpetual check.} (43... Rxh2+ $2 44. Nxh2 Rxh2+ 45. Kxh2 Qf2+ 46. Kh3 Qf5+
47. Kg2 Qe4+ 48. Kf2 Qf5+ 49. Kg1 $18) 44. Rd7 Rxh2+ $1 45. Nxh2 Rxh2+ 46. Kxh2
Qf2+ 47. Kh3 Qf1+ 48. Kh2 Qf2+ $11) 42... Qf7 $2 {Laznicka messes up inspite
of having time on the clock. This is a clear case where both the players are
extremely tired.} (42... Qd7 {looked like a very natural defensive move. But
White retains the initiative thanks to} 43. Qe1 $1 {Now black has to find a
series of only moves to maintain the balance.} (43. Rxg6+ Kh7 44. Rh6+ Kxh6 45.
Qh8+ Qh7 46. Qf6+ $11) 43... Rxh2+ $1 (43... Kf7 44. b4 $1 $16) (43... Rxf3 44.
Kxg2 $18) 44. Nxh2 Qd5+ 45. Re4 Rd2 $3 {Fantastic move threatening Rd1.} 46.
Qe3 Rd3 47. Qf4 Rd1+ 48. Kg2 Re1 49. Kf3 Qd3+ 50. Re3 Qd1+ 51. Kg2 Qd2+ 52. Kf3
$11 {What a variation.}) (42... Qg7 {was the best defensive move.} 43. Qc8+ Kh7
44. Qe8 Qa1+ 45. Re1 Qf6 (45... Qg7 46. Re7) 46. Re6 Qa1+ $11) 43. Rd6 $2 {
Rapport misses his chance and this one I think wasn't so difficult.} (43. Rc6
$1 Rxh2+ 44. Nxh2 Qd5+ 45. Nf3 Rxf3 46. Rxg6+ Kf7 47. Qg7+ Ke8 48. Qg8+ Qxg8
49. Rxg8+ Kf7 50. Rb8 $18) 43... Qe8 $1 {Now there is no way for White to win.
And Rapport immediately realises this and makes a draw.} 44. Qc4+ Kh7 45. Qc7+
Kh6 46. Qc1+ Kg7 47. Qc3+ Kg8 48. Qc4+ Kh7 49. Qc7+ Kh6 50. Qc1+ Kg7 51. Qc7+ {
A wonderful fighting game.} 1/2-1/2

[Event "EU-chT (Men) 21st"]
[Site "Heraklion"]
[Date "2017.11.04"]
[Round "7.1"]
[White "Mamedyarov, Shakhriyar"]
[Black "Leko, Peter"]
[Result "1/2-1/2"]
[WhiteElo "2791"]
[BlackElo "2679"]
[Annotator "Sumets,A"]
[PlyCount "115"]
[EventDate "2017.10.28"]
[EventType "team-swiss"]
[EventRounds "9"]
[EventCountry "GRE"]
[SourceTitle "CBM 182"]
[Source "ChessBase"]
[SourceDate "2018.01.17"]
[SourceVersion "1"]
[SourceVersionDate "2018.01.17"]
[SourceQuality "1"]
[WhiteTeam "Azerbaijan"]
[BlackTeam "Hungary"]
[WhiteTeamCountry "AZE"]
[BlackTeamCountry "HUN"]

1. g3 {Shahriyar doesn't want to compete in theoretical knowledge.} Nf6 2. Bg2
d5 3. d3 e5 4. Nd2 c6 {Now we see the Caro-Kann Defence, the line 1.e4 c6 2.d3
White does not claim an opening advantage; Leko prefers playing complex
middlegame positions.} (4... Nc6 5. a3 a5 6. b3 h5 7. h4 Ng4 8. e3 g6 9. Bb2
Bg7 10. Ne2 O-O 11. Rb1 f5 12. d4 exd4 13. exd4 Bh6 14. Nf4 $2 Bxf4 15. gxf4
Re8+ 16. Kf1 Qd6 $17 {Shoker,S (2377)-Rozentalis,E (2582) Paris 2008 0-1 (58)})
5. e4 Bd6 6. Ngf3 O-O 7. O-O Re8 {There are many games of strong players but
most of them were played in rapid and blitz tournaments.} 8. Re1 Nbd7 9. c3 (9.
b3 a5 10. a3 Bc7 (10... Nc5 11. Bb2 dxe4 12. dxe4 b5 13. h3 Qc7 14. Nh4 g6 15.
Qe2 Ba6 16. Kh2 $6 (16. Qe3 Ne6 17. Nhf3 c5 {Black is slightly better}) 16...
Ne6 17. Nhf3 c5 $15 {Andriasian,Z (2594)-Navara,D (2730) Minsk BLR 2015 0-1 
(38)}) 11. Bb2 d4 12. Qe2 Ra6 13. c3 c5 14. b4 dxc3 15. Bxc3 cxb4 16. axb4 Rc6
17. Rec1 axb4 18. Bxb4 Rxc1+ 19. Rxc1 Nb8 20. h3 Nc6 $11 {Berkes,F (2653)
-Pinter,J (2539) Hungary HUN 2017 1/2 (62)}) (9. h3 $6 Qc7 10. Kh2 {After
moves of this kind White can't fight for an opening advantage.} Nf8 11. b3 a5
12. a3 Bc5 13. Re2 dxe4 14. Nxe4 Nxe4 15. dxe4 Rd8 16. Qe1 f6 $15 {Rivas
Pastor,M (2515)-Anand,V (2710) Oviedo 1993 0-1 (41)}) (9. a3 Nf8 10. b4 (10.
exd5 cxd5 11. c4 $5 Bf5 12. cxd5 Bxd3 13. Ng5 Rc8 $13) 10... a5 11. Bb2 Ng6 12.
c3 h5 13. Nb3 axb4 14. axb4 Rxa1 15. Qxa1 h4 16. Bc1 hxg3 17. hxg3 Ng4 $11 {
Nevednichy,V (2495)-Guliev,S (2485) Nikolaev 1993 1/2 (48)}) 9... Nf8 (9... a5
10. Qc2 dxe4 11. dxe4 Bc5 12. Nf1 Qc7 13. Nh4 (13. h3 h6 14. Nh4 Nf8 15. Be3
Bxe3 16. Nxe3 g6 $11) 13... g6 14. Bg5 Ng4 15. Re2 h6 16. Bc1 Bf8 17. h3 Ngf6
18. Be3 Nc5 19. Kh2 b6 20. Rd2 Ba6 $15 {Halvax,G (2419)-Wagner,D (2568)
Austria AUT 2017 1/2 (96)}) 10. d4 $146 {This is a typical idea for the line 1.
e4 c6 2.d3. This move doesn't put difficult problems to the opponent and it
seems that he has many ways to get an equal position.} (10. Qc2 Ng6 11. Nf1 h6
12. Bd2 Bd7 13. Rad1 Qc7 14. Ne3 Rad8 15. h4 Bc5 16. b4 Bb6 17. c4 Qb8 18. c5
Bc7 19. Bc1 Ng4 $11 {Adams,M (2729)-Dreev,A (2607) Moscow 2007 0-1 (73)} (19...
d4 $1 20. Nc4 b5 21. Ncd2 a5 22. a3 Qc8 $15)) 10... Nxe4 (10... Ng6 11. dxe5
Nxe5 12. Nxe5 Rxe5 13. exd5 Rxe1+ 14. Qxe1 Nxd5 15. Ne4 Be7 16. c4 Nf6 $11) 11.
dxe5 (11. Nxe4 dxe4 12. Rxe4 f5 $5 13. Re1 e4 14. Ng5 Ne6 15. Qb3 Qb6 16. f3 h6
17. Nh3 exf3 18. Bxf3 Bd7 $11) 11... Nxd2 12. Bxd2 Bc7 13. Bg5 Qd7 $11 {
Peter could be satisfied with the opening results.} 14. Qb3 h6 15. Be3 Ng6 16.
Bd4 a5 17. a4 Rb8 ({Black could have played} 17... Qf5 {White cannot protect
the e5-pawn but he has enough compensation to get an equal position.} 18. Bb6 (
18. Nd2 Bxe5 19. Bxe5 Rxe5 20. c4 $44 Rb8 21. cxd5 cxd5 22. Rxe5 Nxe5 23. Qxd5
Be6 24. Qd4 Qf6 $11) 18... Qd7 ({The computer claims that White has no
advantage after} 18... Bxb6 $5 19. Qxb6 Nxe5 20. Nxe5 Rxe5 21. Qd8+ Kh7 22.
Rxe5 Qxe5 23. Bf1 Rb8 $11) 19. Rad1 (19. Bd4 Qf5 $11) 19... Nxe5 20. Nxe5 Rxe5
21. Rxe5 Bxe5 22. c4 d4 ({It is a little bit risky to take on c4:} 22... dxc4
23. Qc2 Bd6 $8 24. Bf1 $44) 23. Qd3 Qd6 24. Bxd4 Bg4 25. Bxe5 Qxe5 26. Qd4 $11)
18. Rad1 (18. Ba7 Ra8 19. Bd4 $11) 18... Qe7 19. Nd2 {Black had a lot of
options and I don't think that 19...Bg4 20.f3 Be6 was the best one.} Bg4 (19...
c5 20. Be3 Nxe5 21. Bxd5 (21. Qxd5 Bg4 22. Bxc5 Qd7 23. Rb1 Qxd5 24. Bxd5 Bf5
25. Rbd1 Rbd8 26. c4 Bg4 27. f3 Be6 28. Bxe6 Rxe6 29. Kf1 Rc6 $11) 21... Bg4
22. f3 c4 23. Bxc4 Nxf3+ 24. Nxf3 Bxf3 $11) (19... b6 $6 20. f4 Bg4 (20... Rd8
21. Nf1 $1 {The knight is heading to e3 and then White plays c4.}) 21. Nf3 b5 (
21... Rbd8 22. Bf2 {threatening c4} Qe6 23. Qc2 Qc8 24. b4 $14) 22. Rd2 b4 23.
Bf2 bxc3 24. Qxc3 Qd7 25. Nd4 Ne7 26. Nb3 $14) (19... b5 {If Peter wants to
play ...b5 then I believe he should play it immediately} 20. axb5 ({White
hasn't any advantage after} 20. Qc2 c5 $1 21. Be3 Nxe5 22. Bxd5 Rd8 23. Be4 f5
24. Bxf5 Bxf5 25. Qxf5 bxa4 $132 {Black's chances are not worse}) 20... Rxb5
21. Qc2 Bg4 22. f3 Be6 23. f4 Qd7 24. c4 Rb4 $13) 20. f3 Be6 ({My computer
prefers 20...Bf5. It seems that it's dangerous for Black due to Ba7:} 20... Bf5
21. f4 $1 ({White has no advantage after} 21. Nf1 Bxe5 22. Bb6 Qd7 23. Ne3 Be6
24. Bxa5 b5 25. Bb4 bxa4 26. Qxa4 Bc7 $11) (21. Ba7 {Black has 2 options. He
can play 21...Rbd8 or he can even sacrifice an exchange} Rbd8 (21... b5 $5 22.
Bxb8 Rxb8 {Black has good compensation for the exchange. For example} 23. Kh1
bxa4 24. Qxa4 Qc5 25. Nb3 Qf2 26. f4 Bc2 27. Qd4 (27. Qxc6 Bxd1 28. Rxd1 Rxb3
29. Rf1 Qb6 $2 (29... Qe2 30. Qxc7 Rxb2 31. Rg1 a4 $44) 30. Qe8+ Kh7 31. Qxf7
$18) 27... Qxd4 28. Nxd4 Bxd1 29. Rxd1 Ne7 $11) 22. Bf2 (22. Qxb7 $6 Bc2 23.
Rc1 Bxa4 24. Bb6 Rd7 $15) 22... Qd7 23. f4 Bg4 $13) 21... Nf8 {Black wants to
keep the bishop on the b1-h7 diagonal} 22. Nf1 b5 23. Ne3 Bh7 24. axb5 Rxb5 (
24... Ne6 $5 25. f5 Nxd4 26. cxd4 Rxb5 27. Qc3 Qd7 28. Bh3 a4 $13) 25. Qa4 Ne6
$11) 21. f4 b5 22. Qc2 $1 {The point. In comparison with the line 19....b5
Black cannot play ...c5.} Bg4 (22... c5 $2 23. Bf2 Bg4 24. Ra1 $16) 23. Ra1 Qd7
24. Nf1 $14 Bf5 25. Qf2 bxa4 ({Black can't keep the bishop on the b1-h7
diagonal:} 25... Nf8 26. Ne3 Bh7 27. axb5 Rxb5 28. c4 $1 dxc4 29. Nxc4 $16) 26.
Ne3 Ne7 (26... Nf8 27. Nxf5 Qxf5 28. c4 dxc4 29. Rxa4 Rb4 30. Bxc6 $14 {
Black's position is unpleasant.}) 27. Red1 $6 {After this move Shahriyar lost
his advantage.} ({It's very tempting to play} 27. Nxf5 Nxf5 28. Bh3 Rb3 29. Bc5
g6 30. Re2 h5 (30... Reb8 31. g4 Ng7 32. f5 $16) 31. Kh1 Reb8 32. Rxa4 $14 {
Black hasn't any counterplay, White can slowly prepare g4.}) 27... Be6 ({
Peter could have got an equal position after} 27... Bh3 $5 28. Bxh3 Qxh3 29.
Rxa4 (29. f5 Nc8 30. Rxa4 Nb6 31. Rxa5 Bxe5 $11) 29... Nf5 30. Nxf5 Qxf5 $11)
28. c4 Nf5 ({Another interesting move is} 28... Rb3 $5 29. Rac1 Nf5 30. Nxf5
Bxf5 31. cxd5 cxd5 {Black has at least equal chances and White should play
precisely to avoid any problems:} 32. Bc5 (32. Ba7 Bb8 33. Bc5 Qb5 34. Bd4 Be4
$11) 32... Qb5 33. Rxd5 Rxb2 34. Bd4 $8 Rb1 35. Rxb5 Rxc1+ 36. Bf1 Bh3 37. Rc5
$11) 29. Nxf5 Bxf5 30. Ba7 Rb4 31. cxd5 cxd5 32. Bxd5 ({White doesn't have any
advantage after} 32. Rxd5 Qe6 33. Rad1 Reb8 $1 34. R5d2 (34. Bxb8 Bb6 35. Rc5
Bxc5 36. Qxc5 Rxb8 37. Bd5 Qb6 $11) 34... Bb6 35. Bxb6 Qxb6 $11) 32... Qb5 33.
Rac1 (33. Rd2 Rd8 34. Qc5 Qxc5+ 35. Bxc5 Rb5 36. Bd6 Bb6+ $1 (36... Bxd6 37.
exd6 Rb6 $11) 37. Kf1 Rc8 38. Bb7 Rc2 39. Rxc2 Bxc2 40. Ba3 Bd4 $15 {White
needs to play precisely to make a draw.}) 33... Bb6 34. Bxb6 Qxb6 35. Qxb6 Rxb6
36. Rc7 Rf8 $6 {It's not easy to understand why Peter preferred ...Rf8 instead
of 36...Be6:} (36... Be6 37. Bxe6 (37. f5 Bxd5 38. Rxd5 Rxb2 39. e6 {Maybe
Peter didn't want to play this position.} fxe6 (39... Kh7 $1 {and White must
play precisely to make a draw:} 40. Rxa5 Rd8 41. Rd7 Rc8 42. Rd1 fxe6 43. fxe6
Rcc2 44. Re1 Rg2+ 45. Kh1 Rxh2+ 46. Kg1 Rbg2+ 47. Kf1 Rc2 48. Kg1 Rhg2+ 49. Kh1
Rge2 50. Rxe2 Rxe2 51. Rxa4 $11) 40. Rdd7 exf5 41. Rxg7+ Kh8 $11) 37... fxe6
38. Rd2 Reb8 39. Rcc2 Kf7 40. Kg2 Rb3 $11) 37. Rd2 $14 g5 38. Kf2 gxf4 39. gxf4
Be6 $1 {Better late than never.} 40. Be4 Rb4 41. Ke3 Rb3+ (41... Re8 $5 42.
Rdc2 Kf8 43. Rb7 Rxb7 44. Bxb7 Bf5 $14 {Black should make a draw.}) 42. Rd3
Rxb2 43. f5 Bc8 44. Rd1 $6 (44. Kf4 $1 Rf2+ 45. Rf3 Rxf3+ 46. Bxf3 Rd8 47. Rc5
Bd7 48. Rd5 a3 49. Rxa5 Rb8 50. Be4 Rb4 51. Ra8+ Kh7 52. Rxa3 Bc6 53. Re3 {
White has good chances to win the endgame.}) 44... a3 $6 ({This is a serious
inaccuracy, I think Peter should have played} 44... Re8 $1 45. e6 Bxe6 46. fxe6
Rxe6 47. Ra7 a3 48. Rxa5 a2 49. Kf3 Rxh2) 45. e6 Rb3+ 46. Kf2 (46. Kd4 $1 fxe6
(46... Rb4+ 47. Ke5 f6+ 48. Kf4 a2 49. Rg1+ Kh8 50. Rf7 Re8 51. Rxf6 Kh7 52.
Rf7+ Kh8 53. Ke5 Rb5+ 54. Kd6 $1 $18) 47. fxe6 Rb4+ 48. Ke3 Rxe4+ $8 (48...
Bxe6 $4 49. Rg1+ Kh8 50. Rh7#) 49. Kxe4 Bxe6 50. Rg1+ Kh8 51. Rc6 Re8 52. Kd4
a2 53. Kc3 $14 {White still has some chances to win the game.}) 46... Rb2+ 47.
Ke3 Rb3+ 48. Kf4 $6 (48. Kd4 $1) 48... fxe6 $11 49. f6 e5+ $1 50. Kxe5 Rb5+ 51.
Bd5+ Kh8 52. f7 a2 (52... Bg4 {looks safer:} 53. Rg1 a2 54. Kd6 Rd8+ 55. Kc6
Rbxd5 56. f8=Q+ Rxf8 57. Kxd5 Bd1 58. Rc1 Rd8+ 59. Ke5 Bb3 $11) 53. Rg1 Kh7 $6
{Now Black might have some problems.} (53... Bg4 $1 54. Kd6 Rd8+ 55. Kc6 Rbxd5
56. f8=Q+ Rxf8 57. Kxd5 Rb8 $11) 54. Kd6 Rxd5+ 55. Kxd5 Bf5 56. Ra1 $6 {
This leads to a draw.} ({The last chance was} 56. Ra7 Bb1 57. Rxa5 Rxf7 58. Ra6
Rf5+ 59. Kd4 Rf4+ 60. Ke3 Re4+ 61. Kf3 Re7 62. Rg4 Bf5 63. Rga4 $14 {and Black
still needs to play precisely to make a draw.}) 56... Bb1 $11 57. Ke6 Kg7 58.
Ra7 1/2-1/2